Catalog

Record Details

Catalog Search



Law of the desert born : a graphic novel / Louis ... Read More

Santino, Charles.(Added Author). L'Amour, Beau.(Added Author). ... Read More

Available copies

  • 2 of 2 copies available at LARL/NWRL Consortium. (Show)
  • 1 of 1 copy available at Lake Agassiz Regional Library.

Current holds

0 current holds with 2 total copies.

Show Only Available Copies
Location Call Number / Copy Notes Barcode Shelving Location Status Due Date
Crookston Public Library G LAM (Text) 33500011625746 Main Available -

Record details

  • ISBN: 9780345528124 (hbk. : alk. paper)
  • ISBN: 0345528123 (hbk. : alk. paper)
  • Physical Description: 152 pages : chiefly illustrations, map ; 32 cm
  • Edition: First edition.
  • Publisher: New York : Bantam Books, 2013
Subject: Revenge > Comic books, strips, etc.
Fugitives from justice > Comic books, strips, etc.
Genre: Graphic novels.
Comic books, strips, etc.
Western stories.
Comic books, strips, etc.
LDR 02025cam a2200493 i 4500
001157856
003LARL_NWRL_CONSORTIUM
00520131015104744.0
008130412s2013 nyuab 6 000 0 eng
010 . ‡a2013014943
0167 . ‡a016269544 ‡2Uk
020 . ‡a9780345528124 (hbk. : alk. paper)
020 . ‡a0345528123 (hbk. : alk. paper)
020 . ‡z9780345538567 (ebook)
035 . ‡a(OCoLC)809029590
040 . ‡aDLC ‡erda ‡beng ‡cDLC ‡dIG# ‡dBTCTA ‡dYDXCP ‡dBDX ‡dUKMGB ‡dOCLCO ‡dZHB
05000. ‡aPN6727.S264 ‡bL39 2013
08200. ‡a741.5/973 ‡223
1001 . ‡aL'Amour, Louis, ‡d1908-1988. ‡0(LARL_NWRL_CONSORTIUM)2194
24510. ‡aLaw of the desert born : ‡ba graphic novel / ‡cLouis L'Amour ; adapted by Charles Santino ; script by Beau L'Amour and Katherine Nolan ; based on the short story by Louis L'Amour ; produced by Beau L'Amour ; illustrated by Thomas Yeates.
250 . ‡aFirst edition.
260 . ‡aNew York : ‡bBantam Books, ‡c2013
300 . ‡a152 pages : ‡bchiefly illustrations, map ; ‡c32 cm
336 . ‡atext ‡2rdacontent
336 . ‡astill image ‡2rdacontent
337 . ‡aunmediated ‡2rdamedia
338 . ‡avolume ‡2rdacarrier
650 0. ‡aRevenge ‡vComic books, strips, etc.
650 0. ‡aFugitives from justice ‡vComic books, strips, etc.
655 0. ‡aGraphic novels.
655 0. ‡aComic books, strips, etc.
655 7. ‡aWestern stories. ‡2gsafd
655 7. ‡aComic books, strips, etc. ‡2gsafd
7001 . ‡aSantino, Charles.
7001 . ‡aL'Amour, Beau.
7001 . ‡aNolan, Katherine.
7001 . ‡aYeates, Thomas. ‡0(LARL_NWRL_CONSORTIUM)184425
948 . ‡hNO HOLDINGS IN LAL - 67 OTHER HOLDINGS
994 . ‡aZ0 ‡bLAL
901 . ‡a157856 ‡bOCLC ‡c157856 ‡tbiblio

Additional Resources